| 000 | 01216nam0a22002771 4500 | ||
|---|---|---|---|
| 001 | rc\3675909 | ||
| 005 | 20250610060642.0 | ||
| 035 | _a(NLR Aleph) 007748355 | ||
| 090 |
_a7236360 _c7236360 |
||
| 100 | _a20130115d1971 |||y0rusy50 ca | ||
| 101 | 0 | _arus | |
| 102 | _aRU | ||
| 105 | _aa z ||||| | ||
| 200 | 1 |
_aКорректирующая информация для динамического управления кислородно-конверторным процессом _fА. Хайнаджиев, Ст. Шерилов, Г. Иванов, В. Мановски |
|
| 210 |
_a[Москва _cБ. и. _d1971] |
||
| 215 |
_a3 с. _cчерт. _d21 |
||
| 225 | 1 |
_aIV Международная конференция стран-членов СЭВ и СФРЮ по автоматизации производственных процессов в черной металлургии. Запорожье. Сентябрь 1971. Доклад _v2/29 |
|
| 701 | 1 |
_aШерилов _bСт. |
|
| 701 | 1 |
_aИванов _bГ. |
|
| 701 | 1 |
_aХайнаджиев _bА. |
|
| 701 | 1 |
_aМановски _bВ. |
|
| 801 | 0 |
_aRU _bNLR _gpsbo |
|
| 801 | 1 |
_aRU _bELAR _2rusmarc |
|
| 852 |
_aNLR _j72-6/5244 |
||
| 942 | _cBOOK | ||
| 980 | _aNB | ||